000
00300nam a2200121Ia 4500
008
190216s9999||||xx |||||||||||||| ||und||
100
_a
Lawrence J Gitman
245
0
_a
Principles Of Managerial Finance
260
_b
Harper International Std
_c
1979
300
_a
926
650
_a
Commerce
942
_c
BK
999
_c
6187
_d
6187